000 00929cab a2200241 4500
001 ABS56971
008 090401t1997 xxu||||| |||| 00| 0 eng d
035 _a(Sirsi) u78487
041 _aeng
100 _aPlimmer, F.
245 3 _aAn investigation into the use of compulsory acquisitions by agreement
260 _c1997
350 _a0
490 _aProperty Management
_v15(1) 1997, 38-48(11)
520 _aExamines acquisitions by agreement. In particular describes research carried out by way of a questionnaire, sent to organisations which have compulsory purchase powers, and which are able to acquire by agreement. References.
650 _aCHANNEL TUNNEL
650 _aCOMPULSORY ACQUISITION
650 _aCompulsory purchase
_96228
690 _aENVIRONMENTAL AND LAND CONSULTANCY-PLANNING AND DEVELOPMENT-COMPULSORY PURCHASE AND COMPENSATION
700 _aAlmond, N
942 _n0
948 _c21/05/1997
999 _c49383
_d49383